|
|
|
|
| LEADER |
00000nam a2200000 a 4500 |
| 001 |
vtls011612450 |
| 003 |
SK-MaSNL |
| 005 |
20260302015348.0 |
| 008 |
201207s2013 gw d 001 0 eng |
| 015 |
|
|
|a SNBZSA2017/03
|
| 020 |
|
|
|a 9783642391644
|q (brožované)
|
| 035 |
|
|
|a 40BCBF6A-4A51-4506-97B4-037726327405
|
| 035 |
|
|
|a urn:nbn:sk:snk-am3ibqv
|
| 035 |
|
|
|a urn:nbn:sk:snk-am00e18e
|
| 040 |
|
|
|a SNK
|b slo
|c SNK
|e AACR2
|
| 041 |
0 |
|
|a eng
|
| 044 |
|
|
|a gw
|c DE
|
| 072 |
|
7 |
|a 519
|x Kombinatorika. Teória grafov. Matematická štatistika. Operačný výskum. Matematické modelovanie
|2 konspekt
|
| 080 |
|
|
|a 519.22
|2 2011
|
| 080 |
|
|
|a 51-7
|2 2011
|
| 080 |
|
|
|a 519.673
|2 2011
|
| 080 |
|
|
|a (048.8:082)
|2 2011
|
| 111 |
2 |
|
|a International Summer School on Aggregation Operators
|9 661012
|
| 245 |
1 |
0 |
|a Aggregation functions in theory and in practise
|b proceedings of the 7th international summer school on Aggregation Operators at the Public University of Navarra, Pamplona, Spain July 16-20, 2013
|c Humberto Bustince ... [et al.] editors
|
| 246 |
3 |
0 |
|a Proceedings of the 7th international summer school on Aggregation Operators at the Public University of Navarra, Pamplona, Spain July 16-20, 2013
|
| 260 |
|
|
|a Heidelberg
|a New York
|b Springer
|c 2013
|
| 300 |
|
|
|a XV, 550 s.
|b ilustr., grafy, tab.
|c 24 cm
|
| 490 |
1 |
|
|a Advances in intelligent systems and computing
|v 228
|
| 504 |
|
|
|a Bibliogr. ; bibliogr. odkazy ; register
|
| 650 |
0 |
7 |
|a matematická štatistika
|2 SNKPH
|9 777
|
| 650 |
0 |
7 |
|a Mathematical statistics
|2 SNKPHeng
|9 313003
|
| 650 |
0 |
7 |
|a aplikovaná matematika
|2 SNKPH
|9 3498
|
| 650 |
0 |
7 |
|a Applied mathematics
|2 SNKPHeng
|9 331287
|
| 650 |
0 |
7 |
|a Mathematical modeling
|2 SNKPHeng
|9 98788
|
| 650 |
0 |
7 |
|a matematické modelovanie
|2 SNKPH
|9 4279
|
| 655 |
|
7 |
|a kolektívne monografie
|2 SNKPH
|9 249850
|
| 655 |
|
7 |
|a Collective monographs
|2 SNKPHeng
|9 125747
|
| 700 |
1 |
|
|a Bustince, Humberto
|4 edt
|9 661013
|
| 700 |
1 |
|
|a Fernandez, Javier
|4 edt
|9 661014
|
| 700 |
1 |
|
|a Mesiar, Radko,
|d 1951-
|4 edt
|9 212349
|
| 700 |
1 |
|
|a Calvo, Tomasa
|4 edt
|9 661015
|
| 830 |
|
0 |
|a Advances in intelligent systems and computing
|9 434757
|
| 919 |
|
|
|a 978-3-642-39164-4
|
| 958 |
|
|
|a ZS
|
| 958 |
|
|
|a NB
|
| 999 |
|
|
|c 1020813
|d 1022743
|
| 952 |
|
|
|a SNK
|b SNK
|y PREZ
|7 0
|p 17A1252998
|o snkSC 173162
|i snk2017/4611
|8 3
|g 347.49
|0 0
|1 0
|4 0
|d 2017-02-20
|f 1
|l 0
|r 2025-09-11 00:00:00
|w 2026-02-24
|